000 00582nam a22001937a 4500
003 OSt
005 20180116183030.0
008 151218b xxu||||| |||| 00| 0 eng d
020 _a03-848-2012-1
024 _203-848-2012-1
040 _cLahore LUMS
082 _a174.4 LUM 2013
100 _aSheikh RA, Jalil MN, Khan MA
245 _aSOFTWARE TECHNOLOGY PARK B: CONTRACT MANAGEMENT
_cSheikh RA, Jalil MN, Khan MA
260 _aLahore LUMS
_b174.4 LUM 2013
_c2013
300 _a12 p.
_bPapers
440 _aSOFTWARE TECHNOLOGY PARK B: CONTRACT MANAGEMENT
942 _2ddc
_cCS
999 _c350985
_d350985